Angola : Request for Stand-By-Arrangement.

This paper discusses a request from Angola for a Stand-By-Arrangement (SBA). The requested SBA aims to support orderly policy adjustments to restore macroeconomic balances and rebuild international reserves. This program also includes a focused reform agenda aimed at medium-term structural issues on...

Ausführliche Beschreibung

Bibliographische Detailangaben
Körperschaft: International Monetary Fund
Format: Zeitschrift
Sprache:English
Veröffentlicht: Washington, D.C. : International Monetary Fund, 2009.
Schriftenreihe:IMF Staff Country Reports; Country Report ; No. 2009/320
Online Zugang:Full text available on IMF
LEADER 01608cas a2200241 a 4500
001 AALejournalIMF006167
008 230101c9999 xx r poo 0 0eng d
020 |c 5.00 USD 
020 |z 9781451800579 
022 |a 1934-7685 
040 |a BD-DhAAL  |c BD-DhAAL 
110 2 |a International Monetary Fund. 
245 1 0 |a Angola :   |b Request for Stand-By-Arrangement. 
264 1 |a Washington, D.C. :  |b International Monetary Fund,  |c 2009. 
300 |a 1 online resource (85 pages) 
490 1 |a IMF Staff Country Reports 
500 |a <strong>Off-Campus Access:</strong> No User ID or Password Required 
500 |a <strong>On-Campus Access:</strong> No User ID or Password Required 
506 |a Electronic access restricted to authorized BRAC University faculty, staff and students 
520 3 |a This paper discusses a request from Angola for a Stand-By-Arrangement (SBA). The requested SBA aims to support orderly policy adjustments to restore macroeconomic balances and rebuild international reserves. This program also includes a focused reform agenda aimed at medium-term structural issues on which long-term non-oil sector growth will ultimately depend. IMF staff and the authorities have agreed that, while the policy mix should consider all possible instruments geared toward achieving these objectives, fiscal policy should play the lead role in the policy package. 
538 |a Mode of access: Internet 
830 0 |a IMF Staff Country Reports; Country Report ;  |v No. 2009/320 
856 4 0 |z Full text available on IMF  |u http://elibrary.imf.org/view/journals/002/2009/320/002.2009.issue-320-en.xml  |z IMF e-Library